000 00227nam a22000857a 4500
008 170603b xxu||||| |||| 00| 0 eng d
100 _93244
_aEdmonds. R
245 _aWonder hiskers and the Grome
260 _aNew Delhi
_bParragon
_c1997
999 _c6558
_d6558